| 000 | 01098nam a22002657a 4500 | ||
|---|---|---|---|
| 999 |
_c17830 _d17830 |
||
| 003 | AR-CdUCM | ||
| 008 | 190225b ||||| |||| 00| 0 spa d | ||
| 040 |
_aMUNICIPALIDAD PROVINCIAL DEL CUSCO _cBIBLIOTECA MUNICIPAL DEL CUSCO |
||
| 082 |
_a949.7 / _bK18 |
||
| 100 |
_aKardelj, Edvard _93477 |
||
| 245 | _aYugoslava en las relaciones interrelaciones y en el movimiento de no alineación / | ||
| 260 |
_aBeograd : _bIzdaje, _c1979.. |
||
| 300 |
_a251 páginas _c21 cm |
||
| 440 |
_aCuestiones actuales del socialismo _938010 |
||
| 500 | _aTitulo original : Medunarodni odnos I nesscrstanost | ||
| 505 | _aContenido : Lugar histórico de una nueva Yugoslavia -- El socialismo y la guerra -- La cuestión nacional y la política de no alineación -- Sobre la convergencia y la coexistencia pacifica... | ||
| 650 |
_aestrategia política _93478 |
||
| 650 |
_aRaíces históricas _98442 |
||
| 650 |
_apartido comunista _92203 |
||
| 650 |
_aRelaciones internacionales _93395 |
||
| 650 |
_aFuturo de europa _938011 |
||
| 710 |
_aCAS _93481 |
||
| 942 |
_2ddc _cLIBROS |
||
| 945 |
_awnts _d2019-05-09 |
||